000 00255nam a22001097a 4500
999 _c167689
_d167689
082 _a
_b
100 _aVinod Tiwari
245 _aParampara sarjan aur upanyaz/
_cby Vinod Tiwari.
260 _aAllahabad:
_bLokbharath,
_c2004.
650 _a
942 _cBK